| 000 | 00869cam a2200277 a 4500 | ||
|---|---|---|---|
| 008 | |||
| 020 | _a0890063516 (pbk.) | ||
| 049 | _aMAIN | ||
| 090 | _aTA1630 | ||
| 245 | 0 | 0 |
_aPrinciples of modern optical systems / _c[edited by] Ivan Andonovic and Deepak Uttamchandani. |
| 260 |
_aNorwood, MA : _bArtech House, _cc1989 |
||
| 300 |
_axv,608 p. : _bill. ; _c23 cm. |
||
| 440 | _aThe Artech House telecommunication library | ||
| 504 | _aIncludes bibliographical references. | ||
| 500 | _aIncludes index. | ||
| 650 | 0 | _aOptical data processing. | |
| 650 | 0 | _aFiber optics. | |
| 700 | 1 | _aAndonovic, Ivan. | |
| 700 | 1 | _aUttamchandani, Deepak. | |
| 740 | 0 | _aModern optical systems. | |
| 907 |
_a.b10172014 _b20-08-05 _c18-08-05 |
||
| 003 | |||
| 005 | 20230123134051.0 | ||
| 040 | _cNUST | ||
| 942 |
_cBOOKS _kTA1630 |
||
| 999 |
_c159456 _d159456 |
||